000 00780nam a2200265Ia 4500
003 OSt
005 20220926011340.0
006 a|||||r|||| 00| 0
007 ta
008 220923b |||||||| |||| 00| 0 eng d
020 _a0691054495
037 _cGeneral Book
040 _aRTL
_cRTL
_beng
041 _2eng
_aeng
082 _aV42.N45<--M88, M5
100 _aGluck Carol
245 0 _aJapan's modern myths
_b Ideology in the Late Meiji P
260 _aNew Jersey
_bPrinceton University Press
_c1985
300 _axi,407p
_ccm.
490 _aStudies of the East Asian Institute
500 _aBibliography: P 287-312
650 _aJapan History
_942685
942 _hV42.N45<--M88, M5
_cGB
_2CC
999 _c619802
_d619802